Themed Themed General Knowledge Questions #5 - Statistics

General Stats
  • This quiz has been taken 27 times
  • The average score is 6 of 10
Answer Stats
Question Answer % Correct
Paris is the capital city of what country? France
100%
What international competition did Paris host in 2024? The (Summer) Olympics
92%
Which of these children's movies are not set in Paris? Pinocchio
79%
What classic book by Charles Dickens is set in Paris? A Tale of Two Cities
71%
Which of these classical composers died in Paris? Chopin
58%
Paris is commonly known as the 'City of Love'. Which of these is not what the Bible says about love in 1 Corinthians 13:4-7? You need to work for God's love
54%
What domesticated animals are there most of in Paris? Cats
50%
Louis Pasteur, who studied chemistry (and physics) at École Normale Supérieure, Paris, made a vaccine for what? Rabies
33%
What shop in Paris is credited with creating the first macaroon? Ladurée
25%
What is the sister city of Paris? Rome
21%
No matching quizzes found
Score Distribution
Percent of People with Each Score
Percentile by Number Answered
Your Score History
You have not taken this quiz